Philippine governance and the 1987 constitution / (Record no. 4245)

MARC details
000 -LEADER
fixed length control field 00733nam a22002417a 4500
003 - CONTROL NUMBER IDENTIFIER
control field URS
005 - DATE AND TIME OF LATEST TRANSACTION
control field 20220117120231.0
008 - FIXED-LENGTH DATA ELEMENTS--GENERAL INFORMATION
fixed length control field 190620b ||||| |||| 00| 0 eng d
020 ## - INTERNATIONAL STANDARD BOOK NUMBER
International Standard Book Number 9789712352522
040 ## - CATALOGING SOURCE
Description conventions rda
Transcribing agency URS
Language of cataloging eng
050 ## - LIBRARY OF CONGRESS CALL NUMBER
Classification number KPM 1750
Item number .L459 2009
100 ## - MAIN ENTRY--PERSONAL NAME
Personal name Lazo, Ricardo S.
245 ## - TITLE STATEMENT
Title Philippine governance and the 1987 constitution /
Statement of responsibility, etc. Ricardo S. Lazo.
250 ## - EDITION STATEMENT
Edition statement 2009 edition. --
264 #1 - PRODUCTION, PUBLICATION, DISTRIBUTION, MANUFACTURE, AND COPYRIGHT NOTICE
Place of production, publication, distribution, manufacture Manila :
Name of producer, publisher, distributor, manufacturer Rex Book Store,
Date of production, publication, distribution, manufacture, or copyright notice 2009.
300 ## - PHYSICAL DESCRIPTION
Extent xxviii, 500 pages :
Dimensions 26 cm
336 ## - CONTENT TYPE
Content type term text
Content type code txt
Source rdacontent
337 ## - MEDIA TYPE
Media type term unmediated
Media type code n
Source rdamedia
338 ## - CARRIER TYPE
Carrier type term volume
Carrier type code nc
Source rdacarrier
504 ## - BIBLIOGRAPHY, ETC. NOTE
Bibliography, etc. note Includes bibliographical references and index.
650 ## - SUBJECT ADDED ENTRY--TOPICAL TERM
Topical term or geographic name entry element Philippine governance.
942 ## - ADDED ENTRY ELEMENTS (KOHA)
Source of classification or shelving scheme Library of Congress Classification
Koha item type Filipiniana
Holdings
Withdrawn status Source of classification or shelving scheme Damaged status Not for loan Collection code Home library Current library Shelving location Date acquired Source of acquisition Total Checkouts Full call number Barcode Date last seen Price effective from Koha item type Coded location qualifier Copy number Date last checked out
  Library of Congress Classification     Non-fiction Antipolo College Library Antipolo College Library On Display 05/09/2018 Library Fund   KPM 1750 .L459 2009 URSANT-03439 05/09/2018 05/09/2018 Filipiniana      
  Library of Congress Classification     Non-fiction Pililla College Library Pililla College Library General Stacks 05/24/2016     342.599 L45p 2009 URSPIL-3473 05/31/2019 05/24/2016 Filipiniana purchased 1  
  Library of Congress Classification     Non-fiction Pililla College Library Pililla College Library General Stacks 05/24/2016   1 342.599 L45p 2009 URSPIL-3474 05/31/2019 05/24/2016 Filipiniana purchased 2 02/21/2019

University of Rizal System
Email us at univlibservices@urs.edu.ph

Visit our Website www.urs.edu.ph/library